[Event "Ä13Ï"]
[Site "Loo"]
[Date "2017.04.26"]
[Round "7.3"]
[White "Õàéáóëëèíà, Ðàóøàíà."]
[Black "Àëèìîâà, Äàíà."]
[Result "1-0"]
[WhiteElo "1750"]
[BlackElo "1388"]
[PlyCount "45"]
[EventDate "2017.04.20"]

1. d4 Nf6 2. c4 e6 3. g3 d5 4. Nf3 dxc4 5. Qa4+ Bd7 6. Qxc4 Bc6 7. Bg2 Nbd7 8.
O-O Nb6 9. Qc2 Be4 10. Qd1 c5 11. Nc3 Bc6 12. Qc2 Rc8 13. Rd1 Nbd5 14. dxc5 Qa5
15. Bd2 Qxc5 16. Rac1 Qb6 17. Na4 Qc7 18. Nd4 Be7 19. e4 Nb4 20. Qb3 Na6 21.
Nb5 b6 22. Nxc7+ Rxc7 23. Bf4 1-0

[Event "Ä13Ï"]
[Site "Loo"]
[Date "2017.04.26"]
[Round "7.4"]
[White "Ìèõàéëèíà, Åëåíà."]
[Black "Ñèò÷èõèíà, Ìèëàíà."]
[Result "1-0"]
[WhiteElo "1641"]
[BlackElo "1592"]
[PlyCount "73"]
[EventDate "2017.04.20"]

1. e4 c5 2. Ne2 Nc6 3. Nbc3 Nf6 4. d4 cxd4 5. Nxd4 e5 6. Ndb5 d6 7. Bg5 a6 8.
Na3 b5 9. Nd5 Be7 10. Bxf6 Bxf6 11. c4 b4 12. Nc2 a5 13. Qf3 Bg5 14. Rd1 O-O
15. Bd3 Ba6 16. O-O Rc8 17. Qe2 Ne7 18. Nce3 Ng6 19. g3 Bxe3 20. Nxe3 Rc5 21.
Rd2 Qg5 22. Kh1 Re8 23. Rfd1 Re6 24. Bc2 Qd8 25. b3 Ne7 26. Rd3 Nc6 27. Qd2 Nd4
28. Nf5 Bb7 29. Nxd4 Bxe4+ 30. f3 Rh6 31. fxe4 exd4 32. Rxd4 Rch5 33. Rxd6
Rxh2+ 34. Qxh2 Rxd6 35. Rxd6 Qxd6 36. g4 Qd4 37. Qb8+ 1-0

[Event "Ä13Ï"]
[Site "Loo"]
[Date "2017.04.26"]
[Round "7.5"]
[White "Âèòþãîâà, ßðîñëàâà."]
[Black "Íàçàðîâà, Àíàñòàñèÿ."]
[Result "1-0"]
[WhiteElo "1509"]
[BlackElo "1344"]
[PlyCount "95"]
[EventDate "2017.04.20"]

1. e4 c6 2. d4 d5 3. exd5 cxd5 4. Bd3 Nc6 5. c3 Qc7 6. h3 Nf6 7. Nf3 e6 8. O-O
Bd6 9. Bc2 b5 10. Bg5 h6 11. Bxf6 gxf6 12. Nh4 Rg8 13. Re1 Be7 14. Bh7 Rg7 15.
Bd3 a6 16. Qd2 Rg5 17. Nf3 Rh5 18. Bf1 Rf5 19. Qxh6 Bb7 20. Nbd2 Kd7 21. Qh7 b4
22. Bd3 bxc3 23. bxc3 Rf4 24. Qxf7 Nd8 25. Qh7 Qxc3 26. Rac1 Qa3 27. Rc2 f5 28.
g3 Rxf3 29. Nxf3 Nc6 30. Be2 Nb4 31. Ne5+ Kd6 32. Rc5 Qxa2 33. Rec1 Rc8 34.
Rxc8 Bxc8 35. Ng6 Nc6 36. Rxc6+ Kxc6 37. Nxe7+ Kb7 38. Nxd5+ Kc6 39. Nb4+ Kd6
40. Nxa2 a5 41. Qa7 Kc6 42. h4 a4 43. h5 a3 44. h6 Bd7 45. h7 e5 46. h8=Q Kd5
47. Qa5+ Ke4 48. Qhxe5# 1-0

[Event "Ä13Ï"]
[Site "Loo"]
[Date "2017.04.26"]
[Round "7.6"]
[White "Òîëñòûõ, Àðèíà."]
[Black "Ãóáàðåâà, Ñîôèÿ."]
[Result "1-0"]
[WhiteElo "1439"]
[BlackElo "1574"]
[PlyCount "60"]
[EventDate "2017.04.20"]

1. d4 d5 2. c4 c6 3. Nc3 Nf6 4. Bg5 e6 5. e3 Nbd7 6. Nf3 Qa5 7. Qc2 Ne4 8. cxd5
exd5 9. a3 Ndf6 10. Bxf6 Nxf6 11. Bd3 Bd6 12. O-O O-O 13. b4 Qc7 14. b5 Bg4 15.
h3 Bxf3 16. gxf3 g6 17. Rfc1 Qd7 18. Kg2 Rac8 19. bxc6 bxc6 20. f4 Nh5 21. Be2
Ng7 22. Qa4 Rb8 23. Nxd5 Qe6 24. Nb4 Qc8 25. Rxc6 Qd7 26. Ra6 Qxa4 27. Rxa4 Rb7
28. Bf3 Re7 29. Ra6 Bc7 30. Nc6 Ree8 {äàëåå çàïèñü íåðàçáîð~~èâà} 1-0

[Event "Ä13Ï"]
[Site "Loo"]
[Date "2017.04.26"]
[Round "7.7"]
[White "Ãàíüæèíà, Ìàðèÿ."]
[Black "Øïàêèâñêàÿ, Àëèíà."]
[Result "0-1"]
[WhiteElo "1408"]
[BlackElo "1657"]
[PlyCount "75"]
[EventDate "2017.04.20"]

1. e4 c6 2. d4 g6 3. Nf3 d5 4. exd5 cxd5 5. h3 Nc6 6. c3 h5 7. Bf4 a6 8. Nbd2
Nh6 9. Ne5 Nf5 10. Ndf3 e6 11. Bd3 Bd6 12. Bxf5 gxf5 13. Qe2 Qc7 14. Nxc6 bxc6
15. Bxd6 Qxd6 16. Qe5 Qxe5+ 17. Nxe5 Rb8 18. O-O-O Rb6 19. g4 Rg8 20. gxh5 Rh8
21. Rdg1 f6 22. Nd3 Kf7 23. Rg3 Rxh5 24. Rhg1 Rh7 25. Nc5 e5 26. dxe5 fxe5 27.
Nd3 f4 28. Nxe5+ Ke6 29. Rg5 Rh6 30. Re1 Kf6 31. Rg6+ Kf5 32. Rxc6 Rbxc6 33.
Nxc6 Bd7 34. Nb4 Rxh3 35. f3 Rxf3 36. Nxd5 Rf2 37. c4 Be6 38. Nb6 {
äàëåå çàïèñü íåðàçáîð~~èâà} 0-1

[Event "Ä13Ï"]
[Site "Loo"]
[Date "2017.04.26"]
[Round "7.8"]
[White "Òàðèåëàøâèëè, Äèàíà."]
[Black "Ëóêüÿí÷åíêî, Àëèñà."]
[Result "1-0"]
[WhiteElo "1608"]
[BlackElo "1463"]
[PlyCount "117"]
[EventDate "2017.04.20"]

1. e4 e5 2. Nf3 Nc6 3. Bc4 Nf6 4. d3 Bc5 5. Nc3 d6 6. h3 a6 7. a3 h6 8. Be3 Be6
9. Ba2 Qd7 10. Qd2 Bxe3 11. fxe3 O-O-O 12. O-O-O Rde8 13. Kb1 Kb8 14. Rhe1 g5
15. d4 Bxa2+ 16. Kxa2 g4 17. Ng1 exd4 18. exd4 gxh3 19. gxh3 h5 20. Qf4 Ng8 21.
Rf1 Rf8 22. Rd3 Nge7 23. Kb1 Ng6 24. Qd2 f5 25. exf5 Rxf5 26. Rxf5 Qxf5 27. Rf3
Qd7 28. Nce2 h4 29. Qe1 Qe7 30. Qf2 Rf8 31. Rxf8+ Qxf8 32. Qxf8+ Nxf8 33. Kc1
Kc8 34. Kd2 Kd7 35. Ke3 Na5 36. b3 Ke6 37. Nf4+ Kf5 38. Nf3 Ng6 39. Nxg6 Kxg6
40. Nxh4+ Kh5 41. Nf3 Nc6 42. Ke4 Ne7 43. c4 c6 44. c5 dxc5 45. dxc5 Ng6 46.
Kf5 Kh6 47. Ke6 Nf4+ 48. Kd6 Nd5 49. Kd7 Nc3 50. Kc7 Ne4 51. b4 a5 52. Kxb7
axb4 53. axb4 Nf2 54. Kxc6 Nxh3 55. b5 Nf4 56. b6 Ne6 57. b7 Nd8+ 58. Kc7 Nxb7
59. Kxb7 1-0

[Event "Ä13Ï"]
[Site "Loo"]
[Date "2017.04.26"]
[Round "7.9"]
[White "Âîëêîâà, Àëèíà."]
[Black "Òèìîôååâà, Þëèÿ."]
[Result "1/2-1/2"]
[WhiteElo "1583"]
[BlackElo "1427"]
[PlyCount "124"]
[EventDate "2017.04.20"]

1. d4 d5 2. Nf3 Nf6 3. Bf4 Bg4 4. e3 e6 5. h3 Bh5 6. c4 dxc4 7. Bxc4 c5 8. Qa4+
Nbd7 9. Ne5 a6 10. Bd3 b5 11. Qc2 cxd4 12. exd4 Rc8 13. Qd2 Bd6 14. g4 Bxe5 15.
dxe5 Nxe5 16. Bxe5 Qd5 17. O-O Bxg4 18. hxg4 Qxe5 19. f3 Rd8 20. Rd1 Nd5 21.
Be4 Qg3+ 22. Kh1 h5 23. Qh2 Qxh2+ 24. Kxh2 hxg4+ 25. Kg1 g3 26. Bxd5 Rxd5 27.
Rxd5 exd5 28. Nc3 d4 29. Ne4 Rh2 30. b3 Rc2 31. Nxg3 d3 32. Re1+ Kd7 33. Rd1 d2
34. Kf2 Rxa2 35. Ne4 Kc6 36. Nxd2 Kc5 37. Ke3 a5 38. Rc1+ Kb6 39. Rc8 Ra3 40.
Ke2 a4 41. bxa4 Rxa4 42. Ne4 Rd4 43. Ke3 Rd7 44. Rg8 f6 45. Rb8+ Rb7 46. Rxb7+
Kxb7 47. Kd4 Kc6 48. Nd2 Kd6 49. Nb3 b4 50. Kc4 g6 51. Kd4 Ke6 52. Nc5+ Kf5 53.
Ke3 g5 54. Nb3 Ke5 55. Na5 Kd5 56. Nb3 Kc4 57. Nd4 Kd5 58. Nb3 Kc4 59. Na5+ Kd5
60. Kf2 f5 61. Ke3 g4 62. fxg4 fxg4 1/2-1/2

[Event "Ä13Ï"]
[Site "Loo"]
[Date "2017.04.26"]
[Round "7.11"]
[White "Êóðãàíîâà, Åëåíà."]
[Black "Î÷èðîâà, Àíèòà."]
[Result "0-1"]
[WhiteElo "1453"]
[BlackElo "1635"]
[PlyCount "64"]
[EventDate "2017.04.20"]

1. d4 d5 2. c4 dxc4 3. e3 e5 4. Nc3 exd4 5. Qxd4 Qxd4 6. exd4 Nc6 7. Be3 Na5 8.
Nf3 Bd7 9. O-O-O Bd6 10. Ne4 b5 11. Nxd6+ cxd6 12. Bf4 Nb7 13. Ng5 Bf5 14. Re1+
Ne7 15. Ne4 Kd7 16. Ng3 Bg6 17. Be2 h5 18. h4 Rab8 19. Bf3 Na5 20. Bg5 f6 21.
Bf4 Nac6 22. Be3 Nb4 23. Kd1 Nxa2 24. Bd2 b4 25. Re3 b3 26. Be4 Bxe4 27. Rxe4
Nd5 28. Rhe1 c3 29. Ke2 cxd2 30. Kxd2 Rbc8 31. Nf5 Rc2+ 32. Kd3 Nab4# 0-1

[Event "Ä13Ï"]
[Site "Loo"]
[Date "2017.04.26"]
[Round "7.12"]
[White "Îéäóï, Àðñåíèÿ."]
[Black "Áàðàíîâà, Åëèçàâåòà."]
[Result "0-1"]
[WhiteElo "1401"]
[BlackElo "1632"]
[PlyCount "126"]
[EventDate "2017.04.20"]

1. e4 c6 2. d4 d5 3. exd5 cxd5 4. c4 Nf6 5. Nf3 Nc6 6. Nc3 Bg4 7. Be3 e6 8. Be2
dxc4 9. Bxc4 Bd6 10. h3 Bh5 11. O-O O-O 12. Bb3 a6 13. Rc1 Rb8 14. a3 Re8 15.
d5 exd5 16. Nxd5 Nxd5 17. Qxd5 Bg6 18. Rfd1 Bc7 19. Qc4 Qf6 20. Rd2 h6 21. Ba2
Bf5 22. Nd4 Ne5 23. Qe2 Rbc8 24. Nxf5 Qxf5 25. Rd5 Qe4 26. Qd2 Qg6 27. Kh1 Nc6
28. Rd7 Rf8 29. Bc5 Rfd8 30. Qd5 Bf4 31. Rd1 Rxd7 32. Qxd7 Rd8 33. Qxd8+ Nxd8
34. Rxd8+ Kh7 35. Rd1 Qf6 36. Bb1+ g6 37. Bd4 Be5 38. Bxe5 Qxe5 39. b4 Qb2 40.
Be4 Qxa3 41. Bxb7 Qxb4 42. Bxa6 Qb6 43. Be2 Qxf2 44. Bf3 Qa7 45. Rb1 Qe7 46.
Rd1 g5 47. Bg4 Kg6 48. Bf3 h5 49. Rb1 Qe6 50. Rc1 Kg7 51. Bxh5 Qe4 52. Rg1 f5
53. Bd1 g4 54. Bc2 Qf4 55. Bd1 Kf6 56. g3 Qh6 57. h4 Qd2 58. Bb3 Qf2 59. Bd5
Ke5 60. Bc6 f4 61. gxf4+ Kxf4 62. Rxg4+ Kxg4 63. Bg2 Kg3 0-1

[Event "Ä13Ï"]
[Site "Loo"]
[Date "2017.04.26"]
[Round "7.13"]
[White "Âèåðó, ßíà."]
[Black "Ìàãèçîâà, ßíà."]
[Result "0-1"]
[WhiteElo "1350"]
[BlackElo "1610"]
[PlyCount "112"]
[EventDate "2017.04.20"]

1. Nf3 Nf6 2. g3 b6 3. Bg2 Bb7 4. O-O e6 5. d3 Be7 6. e4 c5 7. Nbd2 d5 8. e5
Nfd7 9. Re1 d4 10. Ne4 Qc7 11. Bf4 Bxe4 12. Rxe4 Nc6 13. Re2 Rc8 14. Qd2 h6 15.
Rae1 g5 16. Nxg5 hxg5 17. Bxg5 Qd8 18. Bf4 Rg8 19. Re4 Bg5 20. h4 Bxf4 21. Qxf4
Ne7 22. h5 Rh8 23. Qf3 Nc6 24. Rh4 Qe7 25. Qg4 Kd8 26. Qe4 Qg5 27. Rg4 Qh6 28.
f4 Ne7 29. Qb7 Nf5 30. Bc6 Rc7 31. Qa8+ Ke7 32. Rg8 Rxg8 33. Qxg8 Rxc6 34. Qg5+
Ke8 35. Qg8+ Nf8 36. Qg5 Qxg5 37. fxg5 Nxg3 38. h6 Nh7 39. Kf2 Nf5 40. Rg1 Rc8
41. Kf3 Ke7 42. Ke4 Rg8 43. Kf4 Nxh6 44. Rh1 Rxg5 45. Rxh6 Rf5+ 46. Kg3 Nf8 47.
Rh4 Rxe5 48. Re4 Rxe4 49. dxe4 c4 50. Kf3 f5 51. b3 b5 52. a3 Ng6 53. bxc4 bxc4
54. a4 d3 55. cxd3 c3 56. Ke2 f4 0-1

[Event "Ä13Ï"]
[Site "Loo"]
[Date "2017.04.26"]
[Round "7.14"]
[White "Ëåáåäåâà, Óëüÿíà."]
[Black "Âåòîõèíà, Ñîôüÿ."]
[Result "1/2-1/2"]
[WhiteElo "1560"]
[BlackElo "1333"]
[PlyCount "110"]
[EventDate "2017.04.20"]

1. d4 d5 2. Nf3 e6 3. c4 f5 4. g3 Nf6 5. Bg5 Nbd7 6. c5 c6 7. Bg2 Be7 8. Bxf6
Nxf6 9. Nbd2 Ne4 10. O-O O-O 11. Ne5 Bf6 12. Ndf3 Ng5 13. Nxg5 Bxg5 14. f4 Bf6
15. Qd2 Bxe5 16. fxe5 Bd7 17. a3 Be8 18. b4 a5 19. Rfc1 a4 20. Rab1 b5 21. cxb6
Qxb6 22. Rc5 Bd7 23. Bf3 Ra6 24. e3 Rfa8 25. Bd1 Rb8 26. Bc2 Raa8 27. Ra5 Ra7
28. Rxa7 Qxa7 29. Qc3 Ra8 30. Qc5 Qb7 31. Rc1 Kf7 32. Bd3 Qa7 33. Qxa7 Rxa7 34.
Rc5 Ke7 35. Kf2 Kd8 36. Ke2 Kc7 37. Kd2 Kb6 38. Kc3 g5 39. Bc2 Ra8 40. Kb2 g4
41. Bd1 Ra7 42. Kc3 Ra8 43. Bc2 Ra7 44. Bd3 Ra8 45. Be2 Ra7 46. Bd1 Ra8 47. Kb2
Ra7 48. Bc2 Ra8 49. Bd3 Ra7 50. Be2 Ra8 51. Bd1 Ra7 52. Bc2 Ra8 53. Bd1 Ra7 54.
Kc3 Ra8 55. Bc2 Ra7 1/2-1/2

[Event "Ä13Ï"]
[Site "Loo"]
[Date "2017.04.26"]
[Round "7.15"]
[White "Òóìàøåâè÷, Åëèçàâåòà."]
[Black "Àí÷èêîâà, Îëüãà."]
[Result "1-0"]
[WhiteElo "1506"]
[BlackElo "1367"]
[PlyCount "81"]
[EventDate "2017.04.20"]

1. d4 d5 2. c4 e6 3. Nf3 Nf6 4. Nc3 Be7 5. e3 O-O 6. Bd3 Nbd7 7. O-O b6 8. b3
Bb7 9. Bb2 Rc8 10. Rc1 c5 11. cxd5 Nxd5 12. Nxd5 Bxd5 13. dxc5 Bxc5 14. Ba6 Rc7
15. Qe2 Qa8 16. b4 Bd6 17. Rxc7 Bxc7 18. a3 Bb7 19. Bxb7 Qxb7 20. Rd1 Rd8 21.
Qb5 Nf6 22. Rxd8+ Bxd8 23. Bxf6 gxf6 24. Qe8+ Kg7 25. Qxd8 Qc6 26. Qd2 Qe4 27.
h3 Qb1+ 28. Kh2 Qb3 29. g4 Qxa3 30. h4 Qa4 31. g5 Qc6 32. gxf6+ Kxf6 33. Qd4+
Ke7 34. Qf4 Qc2 35. Ng5 f6 36. Ne4 f5 37. Qd6+ Kf7 38. Ng5+ Kg7 39. Qe7+ Kg6
40. Qf7+ Kh6 41. Qxh7# 1-0

[Event "Ä13Ï"]
[Site "Loo"]
[Date "2017.04.26"]
[Round "7.16"]
[White "Ëîáàíîâà, Ìèëàíà."]
[Black "Êàëóñòîâà, Ìàðèíà."]
[Result "1-0"]
[WhiteElo "1454"]
[BlackElo "1242"]
[PlyCount "59"]
[EventDate "2017.04.20"]

1. d4 Nf6 2. Nc3 c5 3. d5 g6 4. e4 Qc7 5. Nf3 d6 6. Be3 Bg7 7. h3 O-O 8. Qd2
Qb6 9. Rb1 a6 10. Bh6 Qa5 11. Bxg7 Kxg7 12. a3 b5 13. Bd3 Nbd7 14. O-O Qc7 15.
b4 cxb4 16. axb4 Bb7 17. Ne2 Rfc8 18. Nfd4 Nb6 19. Nf4 Kg8 20. Nfe6 fxe6 21.
Nxe6 Qd7 22. Qh6 Nh5 23. g4 Nxd5 24. exd5 Bxd5 25. Ng5 Nf6 26. Nxh7 Nxh7 27.
Qxg6+ Kf8 28. Qxh7 Ke8 29. Qh5+ Bf7 30. Qh8+ 1-0

[Event "Ä13Ï"]
[Site "Loo"]
[Date "2017.04.26"]
[Round "7.17"]
[White "Òóêòèíà, Äàðüÿ."]
[Black "Ôîðîñòÿíàÿ, Ñîôèÿ."]
[Result "1-0"]
[WhiteElo "1454"]
[BlackElo "1179"]
[PlyCount "79"]
[EventDate "2017.04.20"]

1. e4 e5 2. Nf3 Nc6 3. Bc4 Bc5 4. Nc3 Nf6 5. d3 h6 6. a3 d6 7. h3 O-O 8. g4 Nh7
9. Nd5 Ne7 10. Nxe7+ Qxe7 11. Rg1 Be6 12. g5 h5 13. b4 Bb6 14. Qe2 g6 15. Rg3
a5 16. c3 Qd7 17. Ng1 axb4 18. cxb4 Bd4 19. Ra2 b5 20. Bxe6 Qxe6 21. Qc2 f5 22.
Ne2 Bb6 23. f4 fxe4 24. dxe4 Rae8 25. Kd1 d5 26. Rb2 Rd8 27. Ke1 exf4 28. Nxf4
Qe8 29. Rg2 Qf7 30. e5 Kg7 31. Qd3 Rde8 32. Rbe2 Re7 33. Qxb5 Bd4 34. Qxd5 Qxd5
35. Nxd5 Rxe5 36. Nxc7 Rc8 37. Bf4 Bc3+ 38. Kd1 Rxe2 39. Rxe2 Rd8+ 40. Kc2 1-0

[Event "Ä13Ï"]
[Site "Loo"]
[Date "2017.04.26"]
[Round "7.18"]
[White "Êîñà÷åâà, Êðèñòèíà."]
[Black "Àôîíàñüåâà, Âàëåðèÿ."]
[Result "1-0"]
[WhiteElo "1364"]
[BlackElo "1498"]
[PlyCount "94"]
[EventDate "2017.04.20"]

1. d4 d5 2. Bf4 Nf6 3. Nf3 Bf5 4. e3 h6 5. c4 c6 6. Qb3 Qb6 7. c5 Qxb3 8. axb3
Nbd7 9. h3 e6 10. Nc3 Be7 11. b4 O-O 12. b5 cxb5 13. Nxb5 a6 14. Nd6 Bxd6 15.
Bxd6 Rfc8 16. Be2 Ne4 17. Bh2 Ndf6 18. O-O Nd7 19. Rfc1 Nb8 20. b4 Nc6 21. b5
axb5 22. Bxb5 f6 23. Kf1 Kf7 24. Ke1 Nb4 25. Kf1 Ke7 26. Rcb1 Ng3+ 27. Bxg3
Bxb1 28. Rxb1 Nc6 29. Bxc6 bxc6 30. Rb7+ Kf8 31. Bd6+ Kg8 32. Kg1 Re8 33. Re7
Rxe7 34. Bxe7 Kf7 35. Bd6 Ra1+ 36. Kh2 Ra2 37. Kg3 Ra8 38. Nh4 Ra3 39. Nf3 Ra8
40. Nh2 Ra3 41. Kf3 h5 42. h4 g6 43. g4 Ra8 44. gxh5 gxh5 45. Kf4 Rg8 46. e4
Rg2 47. Nf3 dxe4 {äàëåå çàïèñü íåðàçáîð~~èâà} 1-0

[Event "Ä13Ï"]
[Site "Loo"]
[Date "2017.04.26"]
[Round "7.19"]
[White "Êîâòóí, Òàòüÿíà."]
[Black "Àéðàïåòÿí, Àíæåëèêà."]
[Result "0-1"]
[WhiteElo "1459"]
[BlackElo "1362"]
[PlyCount "80"]
[EventDate "2017.04.20"]

1. e4 e5 2. f4 d6 3. Nf3 exf4 4. Bc4 g6 5. d3 Bg7 6. O-O Nf6 7. Nc3 O-O 8. Bxf4
Nc6 9. Bg5 Na5 10. Bb3 Nxb3 11. axb3 Bd7 12. Nd2 h6 13. Bh4 Be6 14. Qf3 g5 15.
Bg3 Bg4 16. Qf2 Nd7 17. Rxa7 Nb6 18. Rxa8 Qxa8 19. Bxd6 cxd6 20. Qxb6 Rd8 21.
Nc4 Qb8 22. Nb5 d5 23. exd5 Rxd5 24. Nbd6 Bd4+ 25. Qxd4 Rxd4 26. Nxf7 Be6 27.
Nxh6+ Kg7 28. Nf5+ Bxf5 29. Rxf5 Kg6 30. Rf2 Rf4 31. Rxf4 Qxf4 32. g3 Qc1+ 33.
Kg2 g4 34. c3 Qc2+ 35. Kg1 Kg5 36. b4 Qxd3 37. Na3 Kf5 38. c4 Ke4 39. Nb5 Kf3
40. Nc3 Qd2 0-1

[Event "Ä13Ï"]
[Site "Loo"]
[Date "2017.04.26"]
[Round "7.20"]
[White "Îíäàð, Øóðó."]
[Black "Çàðêîâà, Åëèçàâåòà."]
[Result "0-1"]
[WhiteElo "1449"]
[BlackElo "1290"]
[PlyCount "102"]
[EventDate "2017.04.20"]

1. d4 d5 2. f4 e6 3. Nf3 c5 4. e3 Nc6 5. c3 Nf6 6. Bd3 Qc7 7. O-O Be7 8. b3 O-O
9. Ne5 b6 10. Bb2 Bb7 11. Nd2 Rad8 12. Rf3 Ne4 13. Rh3 f5 14. Bxe4 dxe4 15. Qh5
h6 16. Rg3 Nxe5 17. fxe5 Kh8 18. Qg6 Bg5 19. Nc4 Qf7 20. Qxf7 Rxf7 21. Nd6 Rfd7
22. Bc1 Kh7 23. Kf1 Ba6+ 24. c4 Be7 25. Bb2 g6 26. Nb5 Bxb5 27. cxb5 g5 28. Rc1
g4 29. Ke2 Bh4 30. Rc4 Bxg3 31. hxg3 Kg6 32. Kf2 Kg5 33. Bc1 Rd5 34. b4 Kg6 35.
bxc5 bxc5 36. Bb2 cxd4 37. Bxd4 Rxb5 38. Rc7 Ra5 39. Re7 Rxa2+ 40. Kg1 Ra6 41.
Bxa7 Rh8 42. Bc5 Rh7 43. Re8 Rd7 44. Rf8 Rf7 45. Re8 Rd7 46. Rf8 Ra1+ 47. Kh2
Rdd1 48. Rf6+ Kh7 49. Rxh6+ Kxh6 50. Bf8+ Kg6 51. Bh6 Rh1# 0-1

[Event "Ä13Ï"]
[Site "Loo"]
[Date "2017.04.26"]
[Round "7.21"]
[White "Ãàåð, Ìàðãàðèòà."]
[Black "Äåíùèê, Àëåêñàíäðà."]
[Result "1-0"]
[WhiteElo "1421"]
[BlackElo "1266"]
[PlyCount "73"]
[EventDate "2017.04.20"]

1. d4 d5 2. c4 e6 3. Nc3 c6 4. Nf3 dxc4 5. a4 Bb4 6. e3 b5 7. Bd2 Bxc3 8. Bxc3
Nf6 9. Be2 Bb7 10. O-O O-O 11. b3 Ne4 12. Qc2 Nxc3 13. Qxc3 cxb3 14. axb5 cxb5
15. Qxb3 a6 16. Rfc1 Nd7 17. Nd2 Nf6 18. Qd3 Qe7 19. e4 Rfd8 20. Qe3 Qb4 21.
Nb3 Bxe4 22. f3 Bg6 23. Nc5 Qxd4 24. Qxd4 Rxd4 25. Nxa6 Bd3 26. Nc5 Rxa1 27.
Rxa1 g6 28. Nxd3 Nd5 29. Kf2 Nc3 30. Ke3 Rd6 31. Nb4 Na4 32. Bxb5 Nc5 33. Nd3
Nb3 34. Ra4 Nd4 35. Rxd4 Rb6 36. Bc4 f6 37. Nc5 1-0

[Event "Ä13Ï"]
[Site "Loo"]
[Date "2017.04.26"]
[Round "7.22"]
[White "Òóëàåâà, Ìàðèÿ."]
[Black "Èâàíîâà, Äàðüÿ."]
[Result "1-0"]
[WhiteElo "1418"]
[BlackElo "1224"]
[PlyCount "87"]
[EventDate "2017.04.20"]

1. e4 e5 2. Nf3 Nc6 3. Bb5 a6 4. Bxc6 dxc6 5. O-O Nf6 6. Nxe5 Be7 7. d3 O-O 8.
Nd2 Bd6 9. Nef3 Bg4 10. Re1 Re8 11. h3 Bxf3 12. Nxf3 Bc5 13. Bg5 Be7 14. c3 h6
15. Bxf6 Bxf6 16. d4 Qd7 17. Qc2 Rad8 18. Rad1 Qe6 19. Qb3 Qxb3 20. axb3 Kf8
21. Kf1 Be7 22. Ne5 Bd6 23. Ng4 Rd7 24. g3 Kg8 25. e5 Bf8 26. f4 b6 27. Nf2 Rd5
28. Ne4 a5 29. Kf2 Red8 30. Ke2 Kh7 31. Rd2 Rb5 32. b4 axb4 33. c4 Ra5 34. b3
c5 35. d5 Ra3 36. Rb1 Kg6 37. g4 h5 38. Ng3 hxg4 39. hxg4 Be7 40. Ne4 f5 41.
gxf5+ Kxf5 42. Kf3 Bf8 43. Rg2 c6 44. Rg5# 1-0

[Event "Ä13Ï"]
[Site "Loo"]
[Date "2017.04.26"]
[Round "7.23"]
[White "Ñìàëåâà, Ñòàíèñëàâà."]
[Black "Çàáàâñêàÿ, Äàðèÿ."]
[Result "1-0"]
[WhiteElo "1397"]
[BlackElo "1220"]
[PlyCount "131"]
[EventDate "2017.04.20"]

1. e4 e5 2. Nf3 Nf6 3. Nxe5 d6 4. Nf3 Nxe4 5. Bd3 Nc5 6. Be2 Be7 7. O-O O-O 8.
h3 Bf5 9. d4 Ncd7 10. Bd3 Bxd3 11. Qxd3 d5 12. Bf4 c6 13. c3 Nf6 14. Nbd2 Nbd7
15. Ne5 Nxe5 16. Bxe5 Bd6 17. Nf3 Ne4 18. Bxd6 Nxd6 19. Rfe1 Ne4 20. Re2 Qd6
21. Rae1 Nf6 22. Re7 Rab8 23. Qf5 h6 24. Qe5 Qxe5 25. R1xe5 Rfe8 26. Rc7 a6 27.
Ree7 Rxe7 28. Rxe7 Kf8 29. Re2 b6 30. Ne5 Re8 31. Kf1 Re6 32. Nd3 Rxe2 33. Kxe2
Ke7 34. Nb4 Kd6 35. Nxa6 c5 36. dxc5+ bxc5 37. b4 cxb4 38. cxb4 Ne4 39. a3 Nc3+
40. Ke3 Ne4 41. f3 Nf6 42. Nc5 Kc6 43. a4 Ne8 44. Kd4 f6 45. Ne6 g5 46. Nc5 Nc7
47. b5+ Kd6 48. Na6 Ne6+ 49. Ke3 d4+ 50. Kd3 Kd5 51. g3 f5 52. b6 Kc6 53. a5
Kb7 54. Nc7 Nd8 55. Kxd4 Nc6+ 56. Kd5 h5 57. h4 f4 58. Ne6 g4 59. gxf4 gxf3 60.
Nc5+ Kb8 61. Kxc6 f2 62. Na6+ Kc8 63. b7+ Kd8 64. b8=Q+ Ke7 65. Qa7+ Ke6 66.
Qxf2 1-0

[Event "Ä13Ï"]
[Site "Loo"]
[Date "2017.04.26"]
[Round "7.24"]
[White "Êîðæîâà, Ëèäèÿ."]
[Black "Ïàõîìîâà, Òàòüÿíà."]
[Result "1-0"]
[WhiteElo "1295"]
[BlackElo "1394"]
[PlyCount "49"]
[EventDate "2017.04.20"]

1. e4 e5 2. Nc3 Nf6 3. Nf3 Nc6 4. d4 exd4 5. Nxd4 Bb4 6. Nxc6 bxc6 7. Bd3 d5 8.
exd5 cxd5 9. O-O O-O 10. Bg5 Be6 11. Qf3 Be7 12. h3 c6 13. Rad1 Rb8 14. b3 h6
15. Bf4 Bd6 16. Bxd6 Qxd6 17. Na4 Kh8 18. c4 Qa3 19. Qe2 dxc4 20. Bxc4 Bxc4 21.
Qxc4 Qxa2 22. Qxc6 Qxb3 23. Nc5 Rbc8 24. Qxc8 Rxc8 25. Nxb3 1-0

[Event "Ä13Ï"]
[Site "Loo"]
[Date "2017.04.26"]
[Round "7.25"]
[White "Õîþð-Îîë, Àðûÿíà."]
[Black "Ïåòðîâà, Àíæåëèêà."]
[Result "0-1"]
[WhiteElo "1391"]
[BlackElo "1241"]
[PlyCount "142"]
[EventDate "2017.04.20"]

1. d4 d5 2. Nf3 Nf6 3. Bg5 Ne4 4. Bh4 Qd6 5. c3 Qh6 6. Nbd2 g5 7. Bxg5 Nxg5 8.
e3 Nxf3+ 9. Nxf3 c6 10. Bd3 Rg8 11. g3 Nd7 12. Qc2 Qf6 13. Be2 h6 14. O-O-O Nb6
15. Rde1 Bf5 16. Qd1 Be4 17. Rhg1 Bxf3 18. Bxf3 e6 19. Qe2 O-O-O 20. e4 Qg5+
21. Kb1 Bd6 22. Bh5 Rdf8 23. Qf3 Nc4 24. Qd1 Nd2+ 25. Ka1 Nxe4 26. Qe2 f5 27.
Bf3 Re8 28. h4 Qd2 29. Bh5 Qxe2 30. Rxe2 Re7 31. Bf3 c5 32. Bxe4 fxe4 33. a3
Rf7 34. Rg2 Be7 35. Rh2 cxd4 36. cxd4 Bd8 37. Ka2 Bb6 38. Rd2 Rf3 39. Rh1 Rgf8
40. Rc1+ Kd7 41. Rcc2 Rd3 42. Rxd3 exd3 43. Rd2 Bxd4 44. Rxd3 Bxf2 45. a4 Kd6
46. Rb3 b6 47. Ra3 e5 48. Rc3 d4 49. Rc1 Bxg3 50. Rg1 Bxh4 51. Rg6+ Rf6 52. Rg4
Bg5 53. Kb1 Kd5 54. Kc2 e4 55. b3 d3+ 56. Kc3 d2 57. Rg1 e3 58. Rd1 e2 59.
Rxd2+ Bxd2+ 60. Kxd2 Re6 61. Ke1 h5 62. b4 h4 63. a5 h3 64. axb6 axb6 65. b5 h2
66. Kd2 e1=Q+ 67. Kc2 Re2+ 68. Kb3 Qb1+ 69. Kc3 Qc2+ 70. Kb4 Re4+ 71. Ka3 Ra4#
0-1

[Event "Ä13Ï"]
[Site "Loo"]
[Date "2017.04.26"]
[Round "7.26"]
[White "Êèñåëåâà, Àëèíà."]
[Black "Ñîáëèðîâà, Ñàáèíà."]
[Result "1/2-1/2"]
[WhiteElo "1377"]
[BlackElo "1114"]
[PlyCount "99"]
[EventDate "2017.04.20"]

1. e4 e6 2. d4 d5 3. Nd2 c5 4. exd5 exd5 5. dxc5 Bxc5 6. Ngf3 Nf6 7. Be2 O-O 8.
O-O Nc6 9. Nb3 Bb6 10. c3 Bf5 11. Nbd4 Nxd4 12. Nxd4 Bg6 13. Be3 Re8 14. h3 a6
15. Qb3 Bxd4 16. cxd4 b5 17. Rac1 Qd6 18. Bf3 Rac8 19. Rfd1 Red8 20. a3 h6 21.
Be2 Be4 22. Qa2 Nd7 23. Bf1 Nb6 24. b3 Qg6 25. Bf4 Re8 26. Bg3 h5 27. Qb2 Bf5
28. Kh1 Bc2 29. Re1 Rxe1 30. Rxe1 Be4 31. Rc1 Rxc1 32. Qxc1 Qf6 33. Qe3 Nd7 34.
Bf4 Nf8 35. Bg5 Qd6 36. Qc1 Qe6 37. Qc3 Qf5 38. Qe3 Ne6 39. Bh4 Nf4 40. Kh2 Ng6
41. Bg3 h4 42. Bd6 Qf6 43. Bc5 Nf4 44. g3 hxg3+ 45. Qxg3 Ne6 46. Qe3 Qh4 47.
Qg3 Qh5 48. b4 Ng5 49. Bg2 Bf5 50. Be7 1/2-1/2

[Event "Ä13Ï"]
[Site "Loo"]
[Date "2017.04.26"]
[Round "7.27"]
[White "Áàëàíäèíà, Àëèñà."]
[Black "Íîâîæèëîâà, Ïîëèíà."]
[Result "0-1"]
[WhiteElo "1333"]
[BlackElo "1559"]
[PlyCount "96"]
[EventDate "2017.04.20"]

1. e4 d5 2. exd5 Nf6 3. Nf3 c6 4. dxc6 Nxc6 5. Nc3 e5 6. d3 Bc5 7. Bg5 Qb6 8.
Qd2 Bg4 9. O-O-O Bxf2 10. Kb1 Bxf3 11. gxf3 O-O-O 12. Bh3+ Kb8 13. Ne4 Nxe4 14.
fxe4 f6 15. Rhf1 Bd4 16. c3 Bxc3 17. Qxc3 fxg5 18. Rf7 g6 19. Rd7 Rxd7 20. Bxd7
Nd4 21. Rc1 a6 22. Qa3 Ne2 23. Qc5 Qxc5 24. Rxc5 Rd8 25. Bg4 Nf4 26. Rxe5 h5
27. Bd1 Rxd3 28. Bc2 Rf3 29. b3 Rf1+ 30. Kb2 g4 31. Rg5 Rf2 32. e5 Ne6 33. Rxg6
Nd4 34. Kc3 Nxc2 35. e6 Kc7 36. e7 Kd7 37. Re6 Ke8 38. Kc4 Na3+ 39. Kc5 Rxh2
40. Re5 Rc2+ 41. Kd6 Nb5+ 42. Ke6 g3 43. Rxh5 Rc6+ 44. Kd5 Nc3+ 45. Kd4 Ne2+
46. Ke3 g2 47. Rh8+ Kxe7 48. Rg8 g1=Q+ 0-1

[Event "Ä13Ï"]
[Site "Loo"]
[Date "2017.04.26"]
[Round "7.28"]
[White "Äîí÷åíêî, Åêàòåðèíà."]
[Black "Ñóìàðîêîâà, Âåðà."]
[Result "1-0"]
[WhiteElo "1534"]
[BlackElo "1300"]
[PlyCount "85"]
[EventDate "2017.04.20"]

1. e4 e5 2. Nc3 Nf6 3. Bc4 Nc6 4. d3 Bc5 5. f4 exf4 6. Bxf4 Na5 7. Bb3 Nxb3 8.
axb3 d6 9. h3 Be6 10. Nf3 Qe7 11. Na4 d5 12. Nxc5 Qxc5 13. d4 Qb6 14. e5 Ne4
15. O-O O-O 16. Ng5 Bf5 17. Be3 Qg6 18. Qf3 Nxg5 19. Qxf5 Qxf5 20. Rxf5 Ne4 21.
Rf3 Rae8 22. Rxa7 Rb8 23. Kf1 c6 24. Ke2 b5 25. Bd2 Ra8 26. Rc7 Rac8 27. Rd7
Ra8 28. Bb4 Rfe8 29. Rfxf7 Ng3+ 30. Kd3 Nh5 31. g4 Nf4+ 32. Rxf4 Rad8 33. Rff7
Rxd7 34. Rxd7 h6 35. Rc7 Re6 36. Bd6 Re8 37. Rxc6 Kf7 38. Rc5 Ke6 39. Rxb5 g5
40. Rb7 h5 41. b4 hxg4 42. hxg4 Rd8 43. Re7# 1-0